00558nam a22001697a 450000500170000001000150001702000260003203500130005803700130007108200120008410000260009624500520012226000330017427001030020730000280031050000500033820150609154718.0 aENG-113044 a9789385160035c695.00 aEN-96576 bDBAB/PUB a598.942 aRathore, Ishwar Singh aEagle :cby Ishwar Singh Rathorebking of sky / aNew DelhibLenin Mediac2015 a204-205, IInd Floor, Durga Complex Centre Shoping Complex Mayur Vihar, Phase-IIbNew Delhie110091 a248p. :c22cm(Hb)bill. aIncludes bibliographical references and index